00301nam a2200121Ia 450000500170000000800410001704100080005810000340006624500450010025000080014526000180015330000080017120251013221639.0251010s9999 xx 000 0 und d amar aबखले सु.वा. aबर्ट्रांड रसेल a1ST bDastanec1981 a162